| 000 | 00402nam a22001457a 4500 | ||
|---|---|---|---|
| 005 | 20160108103023.0 | ||
| 008 | 160108b xxu||||| |||| 00| 0 eng d | ||
| 040 | _cPK-LaUMT | ||
| 082 |
_aMMC 928.91439 _bSUH-I |
||
| 100 | _aسہیل عمر، محمد | ||
| 245 |
_aاقبالیات _cمحمد سہیل عمر |
||
| 260 |
_aلاہور _bاقبال اکادمی _c2005 |
||
| 300 | _a196 ص | ||
| 942 | _cBK | ||
| 999 |
_c81254 _d81254 |
||